Светодизайн города и интерьера: учебное пособие для вузов

Xehetasun bibliografikoak
Egile nagusia: Щепетков Н. И. Николай Иванович
Gaia:Настоящее учебное пособие предназначено для студентов бакалавриата и магистратуры, аспирантов и соискателей учебных степеней, архитектурных, строительных, светотехнических и др. университетов. Книга может быть полезна также для работающих и самообучающихся светодизайнеров, для широкого круга специалистов, работающих с электрическим светом, архитекторов, инженеров-светотехников, дизайнеров, искусствоведов, менеджеров, урбанистов, "ландшафтников". преподавателей вузов по светодизайну. светотехнике, архитектурной физике и для всех неравнодушных к этом новой, перспективной и красивой теме.
Hizkuntza:errusiera
Argitaratua: Москва, Светотехника, 2021
Gaiak:
Formatua: Liburua
KOHA link:https://koha.lib.tpu.ru/cgi-bin/koha/opac-detail.pl?biblionumber=346909

MARC

LEADER 00000nam0a2200000 4500
001 346909
005 20231102005935.0
010 |a 9785604316351 
035 |a (RuTPU)RU\TPU\book\378794 
090 |a 346909 
100 |a 20211206d2021 m y0rusy50 ca 
101 0 |a rus 
102 |a RU 
105 |a a j 001zy 
200 1 |a Светодизайн города и интерьера  |e учебное пособие для вузов  |f Н. И. Щепетков 
210 |a Москва  |c Светотехника  |d 2021 
215 |a 456 с.  |c ил. 
320 |a Библиогр.: с. 453-455 
320 |a Аббревиатуры, знаки, обозначения, единицы измерения: с. 452 
330 |a Настоящее учебное пособие предназначено для студентов бакалавриата и магистратуры, аспирантов и соискателей учебных степеней, архитектурных, строительных, светотехнических и др. университетов. Книга может быть полезна также для работающих и самообучающихся светодизайнеров, для широкого круга специалистов, работающих с электрическим светом, архитекторов, инженеров-светотехников, дизайнеров, искусствоведов, менеджеров, урбанистов, "ландшафтников". преподавателей вузов по светодизайну. светотехнике, архитектурной физике и для всех неравнодушных к этом новой, перспективной и красивой теме. 
606 1 |a Светодизайн  |2 stltpush  |3 (RuTPU)RU\TPU\subj\38054  |9 58768 
610 1 |a световая архитектура 
610 1 |a световой дизайн 
610 1 |a искусственное освещение 
610 1 |a световой урбанизм 
610 1 |a города 
610 1 |a ночной облик 
610 1 |a городские объекты 
610 1 |a интерьер 
610 1 |a учебные пособия 
675 |a 628.98(075.8)  |v 4 
700 1 |a Щепетков  |b Н. И.  |g Николай Иванович 
801 1 |a RU  |b 63413507  |c 20211206 
801 2 |a RU  |b 63413507  |c 20220113  |g RCR 
942 |c BK 
959 |a 13/20211206  |d 10  |e 1070,00  |f УФ:10